000 00619nam a2200169Ia 4500
008 151018s9999 xx 000 0 und d
082 _bRBASDV24735
_a146.462
100 _aध रा गाला
245 _aमधुमेह व उच्च रक्तदाब दूर
260 _bगाला पब्लिशर्स
300 _a171
600 _aध रा गाला
630 _aमधुमेह व उच्च रक्तदाब दूर
700 _aध रा गाला
730 _aमधुमेह व उच्च रक्तदाब दूर
942 _cBOOK
999 _c1024371
_d1024368